Datum a čas kvízu
25
Celkem bodů
Celkový počet nahraných bodů na tomto kvízu bez doplňovacích otázek.
8.
Pořadí na kvízu
Konečné umístění týmu na tomto kvízu.
Zaznamenané odpovědi
| # | Otázka | Odpověď | Body | Výsledky |
|---|---|---|---|---|
| 1. | V úterý byl odvolán ředitel je... | Česká televize (ČT), Jan Souček | 1 | |
| 2. | Na pozemku u bratislavského le... | Sbohem (Zbohom) Fico | 0 | |
| 3. | Minulý týden vyšlo album Ostra... | Michal Prokop | 0 | |
| 4. | Filipínské a americké vojenské... | D) Předčasné samovolné potopení filipínské lodi. | 1 | |
| 5. | Hokejový tým Utah, jehož brank... | Mammoth (Mamut) | 0 | |
| 6. | Podíváme se na historické udál... | Pouštní bouře | 1 | |
| 7. | Seřaďte chronologicky tyto pol... | 1A 2D 3B 4C | 0 | |
| 8. | V České republice vystoupila o... | D | 1 | |
| 9. | Jak se nazývá stát, který vsto... | Chorvatsko | 1 | |
| 10. | Ve kterém městě získala samost... | ve Vídni, Kanadu | 0 |